000 00552nam a2200205Ia 4500
005 20250508165952.0
008 008 250505s9999 xx 000 0 eng d
020 _a0-19-945276-8
037 _aTextual
040 _aFEDL
_beng
_cFEDL
041 _aeng
_2eng
084 _a370.1, MIR
_qFEDL
100 _aMiri Mrinal
245 0 _aPhilosophy and education
260 _aNew Delhi, India
_bOxford University Press
_c2014
300 _axiii, 175p.
365 _aINR
_b475
942 _cTEXL
_h370.1, MIR
999 _c1398457
_d1398457